Конодонты и зональная стратиграфия пограничных отложений кембрия и ордовика (Запись № 13279116)

Подробности
000 -МАРКЕР
контрольное поле 01842dam0a2200385 i 4500
001 - ИДЕНТИФИКАТОР ЗАПИСИ
контрольное поле RU\NLR\bibl\194997
005 - ИДЕНТИФИКАТОР ВЕРСИИ
контрольное поле 20241213170306.0
010 ## - МЕЖДУНАРОДНЫЙ СТАНДАРТНЫЙ НОМЕР КНИГИ (ISBN)
Номер (ISBN) 5-02-002497-Х
Тираж 290
021 ## - НОМЕР ГОСУДАРСТВЕННОЙ РЕГИСТРАЦИИ
Код страны российская федерация
Номер 2001-0611п
Номер Листа государственной регистраци 255
035 ## - ДРУГИЕ СИСТЕМНЫЕ НОМЕРА
Идентификатор записи (NLR Aleph) 000191473
100 ## - ДАННЫЕ ОБЩЕЙ ОБРАБОТКИ
Данные общей обработки 20011022d2000 k y0rusy50 ca
101 0# - ЯЗЫК РЕСУРСА
Язык текста, звукозаписи и т.д. русский
Язык оглавления русский
-- английский
102 ## - СТРАНА ПУБЛИКАЦИИ ИЛИ ПРОИЗВОДСТВА
Страна публикации российская федерация
105 ## - ПОЛЕ КОДИРОВАННЫХ ДАННЫХ: ТЕКСТОВЫЕ МАТЕРИАЛЫ, МОНОГРАФИЧЕСКИЕ
Кодированные данные о монографическом текстовом документе a |||||||||
200 1# - ЗАГЛАВИЕ И СВЕДЕНИЯ ОБ ОТВЕТСТВЕННОСТИ
Основное заглавие Конодонты и зональная стратиграфия пограничных отложений кембрия и ордовика
Параллельное заглавие Conodonts and zonal stratigraphy of the Cambrian-Ordovician boundary deposits
Первые сведения об ответственности С.В. Дубинина
Последующие сведения об ответственности Отв. ред. Ю.Б. Гладенков
Язык параллельного заглавия английский
210 ## - ПУБЛИКАЦИЯ, РАСПРОСТРАНЕНИЕ И ДР.
Место издания, распространения и т.д. М.
Имя издателя, распространителя и т. д. Наука
Дата издания, распространения и т.д. 2000
215 ## - ФИЗИЧЕСКАЯ ХАРАКТЕРИСТИКА
Специфическое обозначение материала и объем 236,[3] с.,[8] л. ил.
Другие сведения о физической характеристике ил.
Размеры 25
Сопроводительный материал [1] отд.л.схем.
225 1# - СЕРИЯ
Основное заглавие серии Труды
Сведения об ответственности Рос. акад. наук, Геол. ин-т
ISSN серии 0002-3272
Обозначение тома Вып. 517
320 ## - ПРИМЕЧАНИЯ О НАЛИЧИИ В ДОКУМЕНТЕ БИБЛИОГРАФИИ / УКАЗАТЕЛЯ
Текст примечания Библиогр. в конце кн.
510 0# - ПАРАЛЛЕЛЬНОЕ ЗАГЛАВИЕ
Параллельное заглавие Conodonts and zonal stratigraphy of the Cambrian-Ordovician boundary deposits
Язык заглавия английский
606 0# - НАИМЕНОВАНИЕ ТЕМЫ КАК ПРЕДМЕТ
Наименование темы Конодонты кембрийских отложений
Системный номер авторитетной/нормативной записи 2223460
Идентификатор авторитетной/нормативной записи RU\NLR\auth\661334962
606 0# - НАИМЕНОВАНИЕ ТЕМЫ КАК ПРЕДМЕТ
Наименование темы Конодонты ордовикских отложений
Системный номер авторитетной/нормативной записи 2223456
Идентификатор авторитетной/нормативной записи RU\NLR\auth\661334959
606 0# - НАИМЕНОВАНИЕ ТЕМЫ КАК ПРЕДМЕТ
Наименование темы Кембрийские отложения
Тематический подзаголовок Стратиграфия
Системный номер авторитетной/нормативной записи 1449016
Идентификатор авторитетной/нормативной записи RU\NLR\auth\66613806
606 0# - НАИМЕНОВАНИЕ ТЕМЫ КАК ПРЕДМЕТ
Наименование темы Ордовикские отложения
Тематический подзаголовок Стратиграфия
Системный номер авторитетной/нормативной записи 2223425
Идентификатор авторитетной/нормативной записи RU\NLR\auth\661334941
686 ## - ИНДЕКСЫ ДРУГИХ КЛАССИФИКАЦИЙ
Индекс Е169.9-1
686 ## - ИНДЕКСЫ ДРУГИХ КЛАССИФИКАЦИЙ
Индекс Д432.41-1
686 ## - ИНДЕКСЫ ДРУГИХ КЛАССИФИКАЦИЙ
Индекс Д432.42-1
700 #1 - ИМЯ ЛИЦА - ПЕРВИЧНАЯ ОТВЕТСТВЕННОСТЬ
Начальный элемент ввода Дубинина
Часть имени, кроме начального элемента ввода С. В.
Расширение инициалов личного имени Светлана Викторовна
Код отношения Автор
801 #0 - ИСТОЧНИК ЗАПИСИ
Страна российская федерация
Организация NLR
Дата составления 20011022
Правила каталогизации PSBO
801 #1 - ИСТОЧНИК ЗАПИСИ
Страна российская федерация
Организация NLR
Дата составления 20011022
852 ## - МЕСТОНАХОЖДЕНИЕ И ШИФР ХРАНЕНИЯ
Идентификатор организации NLR
Шифр хранения (Call Number) П8/245
942 ## - ДОПОЛНИТЕЛЬНЫЕ ЭЛЕМЕНТЫ ЗАПИСИ (АБИС)
Тип экземпляра АБИС Книга

Нет доступных экземпляров.